000
00293nam a22001337a 4500
008
181105b xxu||||| |||| 00| 0 eng d
020
_a
9780962713811
041
_a
eng
080
_a
615.83
100
_a
8
101
_a
EGZF
245
_a
The Runner's Yoga Book
_c
Couch, J
942
_2
udc
_c
BK
999
_c
51889
_d
51889